A comparative analysis of acorus calamus (lubigan) oil and cedar wood oil as effective immersion oil / (Record no. 285025)
[ view plain ]
| 000 -LEADER | |
|---|---|
| fixed length control field | 00664nam a2200145Ia 4500 |
| 008 - FIXED-LENGTH DATA ELEMENTS--GENERAL INFORMATION | |
| fixed length control field | 150609s9999 xx 000 0 und d |
| 050 ## - LIBRARY OF CONGRESS CALL NUMBER | |
| Classification number | TP 1 .Ab141 2015 |
| Item number | .Ab141 2015 |
| 100 ## - MAIN ENTRY--PERSONAL NAME | |
| Personal name | Abelo, Kaye Marie. |
| 245 #2 - TITLE STATEMENT | |
| Title | A comparative analysis of acorus calamus (lubigan) oil and cedar wood oil as effective immersion oil / |
| Statement of responsibility, etc | Kaye Marie Abelo, Dyanara Barrios, Kristiane Raj Chand, Ma. Zania Miguela Laput, Cyrene Mendoza, Soraine, Palawa. |
| 260 ## - PUBLICATION, DISTRIBUTION, ETC. (IMPRINT) | |
| Place of publication, distribution, etc | Las Piñas, Philippines : |
| Name of publisher, distributor, etc | SISC, |
| Date of publication, distribution, etc | 2015. |
| 300 ## - PHYSICAL DESCRIPTION | |
| Extent | 56 pages : |
| Other physical details | color illustrations ; |
| Dimensions | 28 cm. |
| 500 ## - GENERAL NOTE | |
| General note | Includes bibliographical references and appendices. |
| 650 ## - SUBJECT ADDED ENTRY--TOPICAL TERM | |
| Topical term or geographic name as entry element | Chemical |
| 650 ## - SUBJECT ADDED ENTRY--TOPICAL TERM | |
| General subdivision | Immersion Oil |
| Withdrawn status | Lost status | Source of classification or shelving scheme | Damaged status | Home library | Current library | Shelving location | Date acquired | Source of acquisition | Total Checkouts | Full call number | Barcode | Date last seen | Price effective from | Koha item type |
|---|---|---|---|---|---|---|---|---|---|---|---|---|---|---|
| Library of Congress Classification | College Library | South SEED-LPDH College Library | Theses Section | 06/09/2015 | Donation | TP 1 .Ab141 2015 | SSLCT0757 | 05/15/2018 | 06/09/2015 | Theses |